20 Countries Written in a Mystery Language #1 - Statistics

General Stats
  • This quiz has been taken 502 times
  • The average score is 18 of 21
Answer Stats
Italian English % Correct
Francia France
98%
Brasile Brazil
97%
Camerun Cameroon
97%
Cambogia Cambodia
95%
Siria Syria
95%
Uganda Uganda
95%
Belgio Belgium
94%
Mozambico Mozambique
94%
Timor Est East Timor
93%
Nuova Zelanda New Zealand
93%
Isole Marshall Marshall Islands
92%
Portogallo Portugal
92%
Svizzera Switzerland
91%
Gibuti Djibouti
87%
Turchia Turkey
83%
Corea del Sud South Korea
82%
Ungheria Hungary
75%
ITALIAN
68%
Giappone Japan
63%
Birmania Myanmar
57%
Paesi Bassi Netherlands
41%
No matching quizzes found
Score Distribution
Percent of People with Each Score
Percentile by Number Answered
Your Score History
You have not taken this quiz